000 00374 a2200157 4500
001 74725
020 _a9788571605978
040 _cAnchieta - Colégio São Paulo
100 _aGomes, Nilma Lino
240 1 0 _aO menino coração de tambor
_lpor
245 1 0 _aO menino coração de tambor
300 _a32
362 0 _a2013
650 4 _aLiteratura infantil
942 _cBK
999 _c74725
_d74725